Bayern Munich - Transferts les plus chers - Statistiques

Statistiques générales
  • Ce quiz a été pris 97 fois
  • Le résultat moyen est 24 sur 50
Statistiques - réponses
Saison Pays Montant Provenance Réponse % Correct
23/24 Angleterre 95 M€ Tottenham Harry Kane
100%
25/26 Colombie 70 M€ Liverpool Luis Díaz
95%
24/25 France 53 M€ Crystal Palace Michael Olise
95%
17/18 France 41 M€ Lyon Corentin Tolisso
87%
19/20 France 80 M€ Atlético Madrid Lucas Hernández
87%
22/23 Pays Bas 67 M€ Juventus Matthijs de Ligt
87%
23/24 Corée du Sud 50 M€ Naples Min-jae Kim
87%
21/22 France 42 M€ RB Leipzig Dayot Upamecano
86%
20/21 Allemagne 49 M€ Manchester City Leroy Sané
86%
15/16 Chili 39 M€ Juventus Arturo Vidal
80%
22/23 Sénégal 32 M€ Liverpool Sadio Mané
76%
07/08 France 30 M€ Marseille Franck Ribéry
73%
16/17 Allemagne 35 M€ Borussia Dortmund Mats Hummels
72%
09/10 Pays Bas 25 M€ Real Madrid Arjen Robben
71%
19/20 France 35 M€ Stuttgart Benjamin Pavard
71%
11/12 Allemagne 30 M€ Schalke 04 Manuel Neuer
70%
17/18 France 21 M€ Juventus Kingsley Coman
66%
18/19 Canada 14 M€ Vancouver Alphonso Davies
65%
23/24 France 30 M€ Galatasaray Sacha Boey
65%
24/25 Portugal 51 M€ Fulham João Palhinha
61%
22/23 France 20 M€ Rennes Mathys Tel
61%
15/16 Brésil 30 M€ Shakhtar Donetsk Douglas Costa
59%
13/14 Espagne 25 M€ FC Barcelone Thiago Alcántara
53%
24/25 Japon 23 M€ Stuttgart Hiroki Ito
52%
12/13 Espagne 40 M€ Athletic Bilbao Javi Martínez
52%
16/17 Portugal 35 M€ Benfica Lisbonne Renato Sanches
49%
11/12 Allemagne 13 M€ Manchester City Jérôme Boateng
46%
21/22 Autriche 15 M€ RB Leipzig Marcel Sabitzer
46%
17/18 Allemagne 20 M€ Hoffenheim Niklas Süle
43%
14/15 Maroc 28 M€ AS Rome Medhi Benatia
42%
09/10 Allemagne 30 M€ Stuttgart Mario Gómez
35%
22/23 Pays Bas 18 M€ Ajax Amsterdam Ryan Gravenberch
35%
12/13 Croatie 13 M€ Wolfsburg Mario Mandžukić
32%
12/13 Suisse 11 M€ FC Bâle Xherdan Shaqiri
29%
24/25 Espagne 13 M€ Grenade CF Bryan Zaragoza
24%
07/08 Italie 11 M€ Fiorentina Luca Toni
24%
07/08 Allemagne 15 M€ Werder Brême Miroslav Klose
23%
02/03 Brésil 9 M€ Bayer Leverkusen Zé Roberto
20%
20/21 Espagne 9 M€ Espanyol Barcelone Marc Roca
18%
10/11 Brésil 17 M€ Hoffenheim Luiz Gustavo
15%
04/05 Brésil 12 M€ Bayer Leverkusen Lúcio
14%
14/15 Espagne 10 M€ Valence CF Juan Bernat
13%
03/04 Pays Bas 18 M€ Deportivo La Corogne Roy Makaay
13%
09/10 Ukraine 11 M€ Zenith St Petersbourg Anatoliy Tymoshchuk
10%
13/14 Allemagne 37 M€ Borussia Dortmund Mario Götze
10%
06/07 Allemagne 10 M€ FC Cologne Lukas Podolski
9%
17/18 Allemagne 13 M€ Hoffenheim Sandro Wagner
4%
07/08 Brésil 12 M€ Sao Paulo Breno
3%
04/05 Allemagne 9 M€ Borussia Dortmund Torsten Frings
3%
07/08 Allemagne 14 M€ Borussia Mönchengladbach Marcell Jansen
1%
Aucun quiz correspondant
Distribution des résultats
% des personnes avec chaque résultat
Percentile par nombre de réponses
Votre historique - résultats
Vous n’avez pas pris ce quiz